Performance- related pay and the crowding out of motivation in the public sector: a randomized field experiment (Record no. 108341)

000 -LEADER
fixed length control field 01443pab a2200181 454500
008 - FIXED-LENGTH DATA ELEMENTS--GENERAL INFORMATION
fixed length control field 180718b2015 xxu||||| |||| 00| 0 eng d
100 ## - MAIN ENTRY--PERSONAL NAME
Personal name Belle, Nicola
245 ## - TITLE STATEMENT
Title Performance- related pay and the crowding out of motivation in the public sector: a randomized field experiment
260 ## - PUBLICATION, DISTRIBUTION, ETC.
Date of publication, distribution, etc. 2015
300 ## - PHYSICAL DESCRIPTION
Extent p.230-241.
362 ## - DATES OF PUBLICATION AND/OR SEQUENTIAL DESIGNATION
Dates of publication and/or sequential designation Mar-Apr
520 ## - SUMMARY, ETC.
Summary, etc. This article advances our understanding of the effects of monetary rewards on public employee performance and of the contingencies that may moderate these effects. In a randomized control-group experiment with nurses working at a local health authority in Italy, performance-related pay (PRP) had a larger effect on task performance when the rewards were kept secret than when they were disclosed. The negative interaction between PRP and visibility was stronger among participants who were exposed to direct contact with a beneficiary of their efforts, which heightened their perception of making a positive difference in other people's lives. These results are consistent with theoretical predictions that monetary incentives for activities with a prosocial impact may crowd out employee image motivation. There were no crowding-out effects when a symbolic reward was substituted for the monetary incentive. - Reproduced.
650 ## - SUBJECT ADDED ENTRY--TOPICAL TERM
Topical term or geographic name entry element Motivation
650 ## - SUBJECT ADDED ENTRY--TOPICAL TERM
Topical term or geographic name entry element Public sector
650 ## - SUBJECT ADDED ENTRY--TOPICAL TERM
Topical term or geographic name entry element Performance appraisal
773 ## - HOST ITEM ENTRY
Main entry heading Public Administration Review
909 ## -
-- 108346
Holdings
Withdrawn status Lost status Damaged status Not for loan Permanent Location Current Location Date acquired Serial Enumeration / chronology Barcode Date last seen Price effective from Koha item type
        Indian Institute of Public Administration Indian Institute of Public Administration 2018-07-19 Volume no: 75, Issue no: 2 AR108806 2018-07-19 2018-07-19 Articles

Powered by Koha